| 000 | 01060cam a2200277 a 4500 | ||
|---|---|---|---|
| 001 | 2544206 | ||
| 003 | OSt | ||
| 005 | 20230523093912.0 | ||
| 008 | 941208s1995 vaua b 001 0 eng | ||
| 010 | _a 94048261 | ||
| 020 | _a0873533941 | ||
| 040 |
_aDLC _cDLC _dDLC |
||
| 050 | 0 | 0 |
_aQA11 _b.N38 1995 |
| 245 | 0 | 0 |
_aConnecting mathematics across the curriculum / _cPeggy A. House, 1995 yearbook editor, Arthur F. Coxford, general yearbook editor. |
| 260 |
_aReston, Va. : _bNational Council of Teachers of Mathematics, _c1995. |
||
| 300 |
_aviii, 245 p. : _bill. ; _c24 cm. |
||
| 490 | 1 |
_aYearbook ; _v1995 |
|
| 504 | _aIncludes bibliographical references and index. | ||
| 650 | 0 |
_aMathematics _xStudy and teaching. |
|
| 700 | 1 | _aHouse, Peggy. | |
| 700 | 1 | _aCoxford, Arthur F. | |
| 830 | 0 |
_aYearbook (National Council of Teachers of Mathematics) ; _v1995. |
|
| 906 |
_a7 _bcbc _corignew _d1 _eocip _f19 _gy-gencatlg |
||
| 942 |
_2lcc _cBK |
||
| 999 |
_c20143 _d20142 |
||